00548nam a2200169 4500003001100000005001700011008004100028020001500069040003900084041000800123082001600131100002800147245010500175260002300280300003800303650003700341LK-CoMWRAF20231207122336.0231125b2002 |||||||| |||| 00| 0 eng d a9559151274 aLK-CoMWRAFdLK-CoMWRAFeLK-CoMWRAF aeng a348.04bHUS aHussain, M. S. Mohammed aHussain's complete digest of case law of Sri Lanka : 1820-2000, bVol-13 Juvenile Court to Leap Year axii, 602 p.; 26 cm aKandy:bArafa (Pvt.) Ltd.,c 2002 aLaw reports, digests, -Sri Lanka